Temperature measurement & control /

Bibliographic Details
Main Author: Leigh, J. R. (James Ronald), 1931-
Corporate Author: Institution of Electrical Engineers
Format: Book
Language:English
Published: London : Peregrinus on behalf of the Institution of Electrical Engineers, [1988]
Series:IEE control engineering series ; 33.
Subjects:

MARC

Tag First Indicator Second Indicator Subfields
LEADER 00000cam a2200000 a 4500
001 in00000031378
005 20151007060415.0
008 880318s1988 enka b 00110 eng d
010 |a gb 87048659  
015 |a GB87-48659 
020 |a 0863411118 :  |c £40.00 
035 |a (OCoLC)16924508 
035 |9 AAC0775AM 
040 |a UKM  |c UKM  |d TXA  |d UtOrBLW 
049 |a TXAM  |c [A11687155] 
050 4 |a QC271  |b .L44 1988 
082 0 |a 536/.5/028  |2 19 
100 1 |a Leigh, J. R.  |q (James Ronald),  |d 1931- 
245 1 0 |a Temperature measurement & control /  |c J.R. Leigh. 
264 1 |a London :  |b Peregrinus on behalf of the Institution of Electrical Engineers,  |c [1988] 
264 4 |c ©1988 
300 |a xii, 193 pages :  |b illustrations ;  |c 24 cm. 
336 |a text  |b txt  |2 rdacontent 
337 |a unmediated  |b n  |2 rdamedia 
338 |a volume  |b nc  |2 rdacarrier 
490 1 |a IEE control engineering series ;  |v 33 
504 |a Includes bibliographies and index. 
650 0 |a Temperature measurements. 
653 |a Temperature  |a Measurement 
650 0 |a Thermometers. 
710 2 |a Institution of Electrical Engineers. 
740 0 |a Temperature measurement and control. 
830 0 |a IEE control engineering series ;  |v 33. 
999 |a MARS 
999 f f |s c19d3bb6-904a-3f17-a248-fabb26280731  |i 1a69fa30-7d22-3b5b-ab52-95b43a7fd684  |t 0 
952 f f |p ric  |a Texas A&M University  |b Rellis Campus  |c Joint Library Facility  |d Remote Storage  |t 0  |e QC271 .L44 1988  |h Library of Congress classification  |i unmediated -- volume  |m A14811687155 
998 f f |a QC271 .L44 1988  |t 0  |l Remote Storage